00437nam a2200157Ia 4500008004100000082001000041100004200051245002300093260006300116300000800179365000600187520002000193630002300213650002000236730002300256100917s9999 xx 000 0 und d b27464 aमाडगुळकर ग. दि. aजोगिया bकुलकर्णी ग्रंथागारc1965 a167 b5 aकविता aजोगिया aकविता aजोगिया